000 00421pam a2200169 a 4500
020 _a978-0-14-025759-5
_c
041 _h
082 _a641.5954
100 _aBHICOO J MANEKSHAW
_eAuthor
245 _aPARSI FOOD AND CUSTOMS
_cBHICOO J MANEKSHAW
_hTextual Documents
250 _a1st
260 _aNew Delhi
_bPENGUIN Books Ltd
300 _a435
653 _afood production
700 _eCo-Author
930 _a3641
999 _c231038
_d231038